DRUG SCREENING METHOD (Record no. 8266)

MARC details
000 -LEADER
fixed length control field 00433nam a22001817a 4500
005 - DATE AND TIME OF LATEST TRANSACTION
control field 20230403151416.0
008 - FIXED-LENGTH DATA ELEMENTS--GENERAL INFORMATION
fixed length control field 230401b |||||||| |||| 00| 0 eng d
020 ## - INTERNATIONAL STANDARD BOOK NUMBER
ISBN 978-935152-982-8
041 ## - LANGUAGE CODE
Language code of text/sound track or separate title eng
082 ## - DEWEY DECIMAL CLASSIFICATION NUMBER
Classification number 615.19 GUP-D
100 ## - MAIN ENTRY--AUTHOR NAME
Personal name GUPTA ,S.K
245 ## - TITLE STATEMENT
Title DRUG SCREENING METHOD
250 ## - EDITION STATEMENT
Edition statement 3rd ed.
260 ## - PUBLICATION, DISTRIBUTION, ETC. (IMPRINT)
Name of publisher JAYPEE
Year of publication 2022
300 ## - PHYSICAL DESCRIPTION
Number of Pages 722;P.
650 ## - SUBJECT ADDED ENTRY--TOPICAL TERM
Topical Term PHARMACY
General subdivision B. PHARMA
942 ## - ADDED ENTRY ELEMENTS (KOHA)
Koha item type Books
Holdings
Lost status Damaged status Collection code Home library Current library Shelving location Date acquired Source of acquisition Cost, normal purchase price Full call number Accession Number Koha item type
    Reference JRU Library JRU Library SHELF-3-A 23/03/2023 LOHIA BOOK INTERNATIONAL 1995.00 615.19 GUP-D 27626 Books
    PHARMACY JRU Library JRU Library SHELF-17-B 23/03/2023 LOHIA BOOK INTERNATIONAL 1995.00 615.19 GUP-D 27627 Books